Revista muy interesante (Registro nro. 49429)
[ vista simple ]
| 000 -LIDER / CABECERA | |
|---|---|
| fixed length control field | 00880cas a22003014i 4500 |
| 001 - NUMERO DE CONTROL | |
| control field | 116 |
| 003 - IDENTIFICADOR DEL NUMERO DE CONTROL | |
| control field | CO-MdFUSB |
| 005 - FECHA Y HORA DE LA ULTIMA TRANSACCION | |
| control field | 20180601093003.0 |
| 008 - ELEMENTOS DE LONGITUD FIJA | |
| fixed length control field | 151030s2000 ck 000 0 spa d |
| 022 ## - NÚMERO INTERNACIONAL NORMALIZADO PARA PUBLICACIONES SERIADAS | |
| ISSN | 0122-3577 |
| 037 ## - FUENTE DE ADQUISICION | |
| Proveedor | Editorial Cinco Cultural S.A. |
| 040 ## - FUENTE/ORIGEN DE LA CATALOGACIÓN | |
| Agencia Catalogadora | CO-MdFUSB |
| Lenguaje de catalogación | spa |
| Agencia que realiza la transcripción | CO-MdFUSB |
| Agencia que realiza la modificación | CO-MdFUSB |
| Norma de descripción | rda |
| 041 0# - IDIOMA | |
| Código de lengua del texto/banda sonora o título independiente | spa |
| Código de idioma original | spa |
| 043 ## - CODIGO DE AREA GEOGRAFICA | |
| Código de área geográfica | ck |
| 245 10 - TÍTULO PROPIAMENTE DICHO | |
| Title | Revista muy interesante |
| Remainder of title | : la revista para saber mas de todo |
| / Mención de Responsabilidad | / Editora Cinco Cultural |
| 260 ## - • Area De Publicacion, Distribucion, Etc. (Pie de Imprenta) (R) | |
| Place of publication, distribution, etc | Bogotá, Colombia |
| 264 ## - PRODUCCIÓN, PUBLICACIÓN, DISTRIBUCIÓN, MANUFACTURA, Y COPYRIGHT | |
| Lugar de producción, publicación, distribución, fabricación : | Colombia : |
| Nombre del de productor, editor, distribuidor, fabricante, | Editora Cinco Cultural, |
| Fecha de de producción, publicación, distribución, fabricación o copyright | 1985 |
| 300 ## - DESCRIPCIÓN FÍSICA | |
| Extent | Volumen 13-18 |
| Dimensions | 28 cm. |
| 310 ## - PERIODICIDAD ACTUAL | |
| Periodicidad actual | No aplica |
| 336 ## - TIPO DE CONTENIDO | |
| Fuente | rdacontent |
| Término de tipo de contenido | texto |
| Código de tipo de contenido | txt |
| 337 ## - TIPO DE MEDIO | |
| Fuente | rdamedia |
| Nombre del tipo de medio | sin mediación |
| Código del tipo de medio | n |
| 338 ## - TIPO DE SOPORTE | |
| Nombre del tipo de soport | volumen |
| 362 ## - FECHAS DE PUBLICACIÓN Y/O DESIGNACIÓN SECUENCIAL | |
| Fecha de publicación y/o designación secuencial (Volumen) | 2000 |
| 650 ## - PUNTO DE ACCESO ADICIONAL DE MATERIA -TÉRMINO DE MATERIA | |
| Subdivisión de forma | Publicaciones seriadas |
| 773 ## - ENLACE AL DOCUMENTO FUENTE | |
| Place, publisher, and date of publication | Bogotá, Colombia, Muy interesante 2000 |
| 810 ## - PUNTO DE ACCESO ADICIONAL DE SERIE - NOMBRE DE ENTIDAD | |
| Tipo de Material | Revista |
| 942 ## - ELEMENTOS ADICIONALES (KOHA) | |
| Koha item type | Revistas y Fascículos |
| Source of classification or shelving scheme | Dewey Decimal Classification |
| Expurgo - (Retirado) | Estado de Perdido | Estado de Dañado | Not for loan | Colección | Home library | Current library | Ubicación en Estantería | Date acquired | Información de volumen - Fascículo | Barcode | Copy number | Koha item type |
|---|---|---|---|---|---|---|---|---|---|---|---|---|
| Colección de Hemeroteca | Biblioteca FUSBC | Biblioteca FUSBC | Hemeroteca | 16/12/2010 | Volumen 18. Número 219 (2000) | R1655 | Ej. 1 | Revistas y Fascículos | ||||
| Colección de Hemeroteca | Biblioteca FUSBC | Biblioteca FUSBC | Hemeroteca | 15/12/2010 | Volumen 18. Número 213 (2000) | R1648 | Ej. 1 | Revistas y Fascículos | ||||
| Colección de Hemeroteca | Biblioteca FUSBC | Biblioteca FUSBC | Hemeroteca | 15/12/2010 | Volumen 18. Número 210 (2000) | R1649 | Ej. 1 | Revistas y Fascículos | ||||
| Colección de Hemeroteca | Biblioteca FUSBC | Biblioteca FUSBC | Hemeroteca | 15/12/2010 | Volumen 18. Número 209 (2000) | R1647 | Ej. 1 | Revistas y Fascículos | ||||
| Colección de Hemeroteca | Biblioteca FUSBC | Biblioteca FUSBC | Hemeroteca | 25/11/2010 | Volumen 17. Número 196 (2000) | R1650 | Ej. 1 | Revistas y Fascículos | ||||
| Colección de Hemeroteca | Biblioteca FUSBC | Biblioteca FUSBC | Hemeroteca | 23/11/2010 | Volumen 17. Número 197 (2000) | R1651 | Ej. 1 | Revistas y Fascículos | ||||
| Colección de Hemeroteca | Biblioteca FUSBC | Biblioteca FUSBC | Hemeroteca | 21/10/2010 | Volumen 17. Número 193 (2000) | R1652 | Ej. 1 | Revistas y Fascículos | ||||
| Colección de Hemeroteca | Biblioteca FUSBC | Biblioteca FUSBC | Hemeroteca | 14/10/2010 | Volumen 16. Número 192 (2000) | R1653 | Ej. 1 | Revistas y Fascículos | ||||
| Colección de Hemeroteca | Biblioteca FUSBC | Biblioteca FUSBC | Hemeroteca | 09/09/2010 | Volumen 13. Número 152 (2000) | R1654 | Ej. 1 | Revistas y Fascículos |
